000 005710000a22001810004500
003 MACL
005 20160331112829.0
008 160331b xxu||||| |||| 00| 0 eng d
040 _aMACL
_cMACL
041 _aHindi
082 _a100
100 _aगुप्‍ता सुमन
_949079
245 _aबीसवीं शताब्‍दी में दर्शनशास्‍त्र
260 _bराजकमल प्रकाशन
_c1992
_aनई दिल्‍ली
350 _a90
650 _aPhilosophy
_949080
942 _cHIN
_k100
_2ddc
999 _c20848
_d20848